logo

SEMINARIO PERMANENTE CIVICO MILITAR CICLO CULTURAL ESPAÑA-AMERICA (Record no. 73609)

MARC details
000 -CABECERA
campo de control de longitud fija 00559nam a2200181Ia 4500
001 - NÚMERO DE CONTROL
campo de control 25517
005 - FECHA Y HORA DE LA ÚLTIMA TRANSACCIÓN
campo de control 20260414093205.0
008 - CÓDIGOS DE INFORMACIÓN DE LONGITUD FIJA
campo de control de longitud fija 260115s9999 xx 000 0 und d
035 ## - NÚMERO DE CONTROL DEL SISTEMA
Número de control de sistema 15903
090 ## - LOCALMENTE ASIGNADO TIPO-LC NÚMERO DE CLASIFICACIÓN (OCLC); NÚMERO DE CLASIFICACIÓN LOCAL (RLIN)
Número de clasificación (OCLC) (R) ; Numero de clasificación CALL (RLIN) (NR) 946.0
100 ## - PUNTO DE ACCESO PRINCIPAL - NOMBRE DE PERSONA
Nombre de persona CATEDRA GENERAL CASTAÑOS
245 #0 - MENCIÓN DE TÍTULO
Título SEMINARIO PERMANENTE CIVICO MILITAR CICLO CULTURAL ESPAÑA-AMERICA
260 ## - PUBLICACIÓN, DISTRIBUCIÓN, ETC. (PIE DE IMPRENTA)
Nombre del editor distribuidor etc. DEIMOS
Fecha de publicación distribución etc. 1993
630 ## - PUNTO DE ACCESO ADICIONAL DE MATERIA--TÍTULO UNIFORME
Título uniforme HISTORIA GENERAL
650 ## - PUNTO DE ACCESO ADICIONAL DE MATERIA--TÉRMINO DE MATERIA
Término de materia o nombre geográfico como elemento inicial HISTORIA MILITAR DE ESPAÑA
942 ## - ELEMENTOS DE PUNTO DE ACCESO ADICIONAL (KOHA)
Tipo de ítem Koha Monografías
901 ## - ELEMENTOS DE DATOS A LOCAL LDA (RLIN)
a FH
b FH
y BK
p SEH_25517
i 22093
j 946.0
c MUSEO
t 1
z 87 PAGINAS, 28 CENTIMETROS, DONADO, SEVILLA
x 1
Holdings
Estado de retiro Estado de pérdida Estado dañado No para préstamo Localización permanente Ubicación/localización actual Ubicación en estantería Fecha de adquisición Número de inventario Número de control en estantería Número de registro Total de préstamos Código de barras Fecha visto por última vez Número de copia Precio válido a partir de Tipo de ítem Koha Nota pública
        Servicio de Estudios Históricos Servicio de Estudios Históricos   14/04/2026 22093 127 22093   SEH_25517 14/04/2026 1 14/04/2026 Monografías 87 PAGINAS, 28 CENTIMETROS, DONADO, SEVILLA